[Event "MPA 1820 2024"]
[Site "Sianozety"]
[Date "2024.04.12"]
[Round "2.9"]
[White "Kopacz, Przemyslaw"]
[Black "Iwan, Patryk"]
[Result "0-1"]
[BlackElo "1815"]
[WhiteElo "1774"]
[LiveChessVersion "1.4.4"]

1. c4 {[%clk 1:30:59]} e5 {[%clk 1:30:57]} 2. Nc3 {[%clk 1:31:25]} Nf6
{[%clk 1:31:23]} 3. g3 {[%clk 1:31:40]} Bc5 {[%clk 1:31:14]} 4. Bg2
{[%clk 1:31:51]} Nc6 {[%clk 1:31:26]} 5. e3 {[%clk 1:31:06]} d6 {[%clk 1:30:34]}
6. Nge2 {[%clk 1:30:55]} Bf5 {[%clk 1:29:11]} 7. d4 {[%clk 1:21:54]} Bb4
{[%clk 1:14:11]} 8. O-O {[%clk 1:17:36]} O-O {[%clk 1:12:30]} 9. d5
{[%clk 1:10:05]} Ne7 {[%clk 1:11:36]} 10. e4 Bg4 {[%clk 1:07:39]} 11. Be3
{[%clk 0:58:30]} Bxe2 {[%clk 1:06:03]} 12. Qxe2 {[%clk 0:57:44]} Nd7
{[%clk 1:05:14]} 13. Na4 {[%clk 0:55:11]} Nb6 {[%clk 0:54:52]} 14. Nxb6
{[%clk 0:47:41]} axb6 {[%clk 0:52:18]} 15. Bh3 {[%clk 0:37:08]} Bc5
{[%clk 0:47:14]} 16. Bg5 {[%clk 0:34:35]} h6 {[%clk 0:32:01]} 17. Be3
{[%clk 0:34:37]} Ng6 {[%clk 0:30:28]} 18. Bf5 {[%clk 0:34:24]} Bxe3
{[%clk 0:30:19]} 19. Qxe3 Qg5 {[%clk 0:30:46]} 20. Qxg5 {[%clk 0:33:15]} hxg5
{[%clk 0:31:14]} 21. Bxg6 {[%clk 0:33:35]} fxg6 {[%clk 0:29:26]} 22. h3
{[%clk 0:11:55]} Ra4 {[%clk 0:29:26]} 23. Rfc1 {[%clk 0:11:55]} Rc8
{[%clk 0:28:57]} 24. Rc2 {[%clk 0:10:44]} Kf7 {[%clk 0:27:22]} 25. b3
{[%clk 0:08:42]} Ra3 {[%clk 0:27:40]} 26. Re1 {[%clk 0:08:40]} Ke7
{[%clk 0:26:29]} 27. Kg2 {[%clk 0:08:59]} Rca8 {[%clk 0:25:03]} 28. Ree2
{[%clk 0:09:25]} Rf8 {[%clk 0:25:21]} 29. f3 {[%clk 0:09:33]} Ra5
{[%clk 0:23:15]} 30. a4 {[%clk 0:09:04]} Ra7 {[%clk 0:20:25]} 31. Rf2
{[%clk 0:09:24]} Ra6 {[%clk 0:18:44]} 32. Rf1 Raa8 {[%clk 0:16:53]} 33. Rcf2
{[%clk 0:09:58]} Rf6 {[%clk 0:15:59]} 34. f4 {[%clk 0:09:22]} gxf4 35. gxf4
{[%clk 0:09:51]} exf4 {[%clk 0:15:35]} 36. Rxf4 {[%clk 0:09:48]} Raf8
{[%clk 0:13:16]} 37. Kg3 {[%clk 0:07:55]} Rh8 {[%clk 0:13:07]} 38. h4
{[%clk 0:07:39]} Rh5 39. Kg4 Kf7 {[%clk 0:12:21]} 40. b4 {[%clk 0:07:37]} Re5
{[%clk 0:10:26]} 41. R1f3 {[%clk 0:07:18]} Rh5 {[%clk 0:09:58]} 42. a5 Rh8
{[%clk 0:10:26]} 43. axb6 {[%clk 0:05:32]} cxb6 44. Rxf6+ {[%clk 0:02:05]} gxf6
{[%clk 0:10:51]} 45. Rc3 {[%clk 0:02:12]} Rc8 {[%clk 0:10:25]} 46. h5 gxh5+
{[%clk 0:10:17]} 47. Kxh5 {[%clk 0:02:09]} Re8 {[%clk 0:09:42]} 48. Re3
{[%clk 0:00:49]} f5 {[%clk 0:09:06]} 49. Kg5 {[%clk 0:01:15]} Re5
{[%clk 0:02:52]} 50. Kf4 b5 {[%clk 0:01:58]} 51. exf5 {[%clk 0:00:36]} Rxe3
{[%clk 0:01:07]} 52. Kxe3 {[%clk 0:01:04]} bxc4 {[%clk 0:01:34]} 53. b5 0-1

[Event "MPA 1820 2024"]
[Site "Sianozety"]
[Date "2024.04.12"]
[Round "2.10"]
[White "Labuc, Adrian"]
[Black "Kuriata, Karol"]
[Result "1/2-1/2"]
[BlackElo "1648"]
[WhiteElo "1660"]
[LiveChessVersion "1.4.4"]

1. Nf3 {[%clk 1:30:57]} Nf6 {[%clk 1:28:32]} 2. d4 {[%clk 1:31:16]} d5
{[%clk 1:28:47]} 3. Bf4 {[%clk 1:31:21]} c5 {[%clk 1:29:08]} 4. c3
{[%clk 1:31:44]} Qb6 {[%clk 1:29:30]} 5. Qb3 {[%clk 1:32:01]} c4 {[%clk 1:29:46]}
6. Qc2 {[%clk 1:31:41]} g6 {[%clk 1:27:02]} 7. Nbd2 {[%clk 1:30:30]} Bf5
{[%clk 1:22:30]} 8. Qc1 {[%clk 1:30:37]} Nc6 {[%clk 1:22:33]} 9. h3
{[%clk 1:26:05]} Bg7 {[%clk 1:21:29]} 10. g4 {[%clk 1:20:25]} Be4
{[%clk 1:17:34]} 11. Nxe4 {[%clk 1:20:18]} Nxe4 {[%clk 1:17:14]} 12. Nd2
{[%clk 1:18:30]} Nf6 {[%clk 1:05:28]} 13. Bg2 {[%clk 1:16:50]} e6
{[%clk 1:05:14]} 14. e4 {[%clk 1:16:40]} Rd8 {[%clk 1:01:59]} 15. e5
{[%clk 1:14:13]} Ng8 {[%clk 1:01:08]} 16. Qc2 {[%clk 1:04:16]} Qc7
{[%clk 0:58:56]} 17. Bg3 {[%clk 0:59:29]} Nge7 {[%clk 0:56:50]} 18. f4
{[%clk 0:59:22]} b5 {[%clk 0:54:14]} 19. h4 {[%clk 0:53:51]} h5 {[%clk 0:51:15]}
20. gxh5 {[%clk 0:53:23]} gxh5 {[%clk 0:42:58]} 21. Bh3 {[%clk 0:53:23]} b4
{[%clk 0:31:18]} 22. Nf3 {[%clk 0:53:19]} Bh6 {[%clk 0:29:13]} 23. Ng5
{[%clk 0:52:33]} Qa5 {[%clk 0:25:55]} 24. O-O {[%clk 0:50:52]} Bxg5
{[%clk 0:21:22]} 25. fxg5 {[%clk 0:51:13]} Rb8 {[%clk 0:20:36]} 26. Qf2
{[%clk 0:39:59]} Nd8 {[%clk 0:20:30]} 27. Qf6 {[%clk 0:39:30]} Rh7
{[%clk 0:16:35]} 28. Be1 {[%clk 0:34:22]} Qb6 {[%clk 0:16:07]} 29. Rb1
{[%clk 0:29:51]} a5 {[%clk 0:14:29]} 30. Bf2 {[%clk 0:24:37]} Ng6
{[%clk 0:12:46]} 31. Bg2 {[%clk 0:20:58]} Ne7 {[%clk 0:12:54]} 32. Qf3
{[%clk 0:20:05]} Nf5 {[%clk 0:12:18]} 33. Bh3 {[%clk 0:20:04]} Ne7
{[%clk 0:12:33]} 34. Qe3 {[%clk 0:18:05]} Ng6 {[%clk 0:11:03]} 35. Bg2
{[%clk 0:09:59]} Ne7 {[%clk 0:10:57]} 36. Bf3 {[%clk 0:10:04]} Nf5
{[%clk 0:10:05]} 37. Qe2 {[%clk 0:10:26]} Ng7 {[%clk 0:09:54]} 38. Kh2
{[%clk 0:10:09]} Qc7 {[%clk 0:09:49]} 39. Kh3 {[%clk 0:09:45]} Nc6
{[%clk 0:08:49]} 40. Rg1 {[%clk 0:09:05]} Ne7 {[%clk 0:09:15]} 41. Be3
{[%clk 0:08:34]} Ng6 {[%clk 0:08:00]} 42. Qd2 {[%clk 0:05:38]} Nf5
{[%clk 0:08:08]} 43. Bf2 {[%clk 0:05:48]} 1/2-1/2

[Event "MPA 1820 2024"]
[Site "Sianozety"]
[Date "2024.04.12"]
[Round "3.1"]
[White "Kupiak, Sylwester"]
[Black "Szymkowiak, Damian"]
[Result "1-0"]
[BlackElo "1813"]
[WhiteElo "1747"]
[LiveChessVersion "1.4.4"]

1. e4 {[%clk 1:30:54]} e6 {[%clk 1:30:39]} 2. d4 {[%clk 1:31:18]} d5
{[%clk 1:31:00]} 3. Nd2 {[%clk 1:31:26]} c5 {[%clk 1:30:22]} 4. exd5
{[%clk 1:30:47]} Qxd5 {[%clk 1:25:29]} 5. Ndf3 {[%clk 1:27:59]} Nc6
{[%clk 1:24:03]} 6. Bb5 {[%clk 1:25:51]} cxd4 {[%clk 1:21:55]} 7. Bxc6+
{[%clk 1:23:41]} Qxc6 {[%clk 1:20:02]} 8. Ne2 Bc5 {[%clk 1:18:06]} 9. O-O
{[%clk 1:13:16]} Nf6 {[%clk 1:18:03]} 10. Nexd4 {[%clk 1:08:54]} Qb6
{[%clk 1:18:18]} 11. Nb3 {[%clk 1:05:50]} Be7 {[%clk 1:18:22]} 12. Be3
{[%clk 1:05:47]} Qc7 {[%clk 1:18:41]} 13. c3 {[%clk 1:04:02]} O-O
{[%clk 1:18:07]} 14. h3 {[%clk 1:03:47]} b6 {[%clk 1:18:03]} 15. Qe2
{[%clk 1:03:25]} Bb7 {[%clk 1:17:06]} 16. Rfd1 {[%clk 1:03:17]} Rfd8
{[%clk 1:11:02]} 17. Bd4 {[%clk 1:02:34]} Qc6 {[%clk 1:03:47]} 18. Be5
{[%clk 1:01:40]} h6 {[%clk 1:01:31]} 19. Rxd8+ {[%clk 0:59:51]} Rxd8
{[%clk 1:01:42]} 20. Rd1 {[%clk 1:00:07]} Rxd1+ {[%clk 0:59:49]} 21. Qxd1
{[%clk 1:00:26]} Qe4 {[%clk 0:58:47]} 22. Nbd2 {[%clk 0:48:34]} Qd3
{[%clk 0:54:05]} 23. Qa4 {[%clk 0:45:28]} Qa6 {[%clk 0:47:05]} 24. Qxa6
{[%clk 0:44:12]} Bxa6 {[%clk 0:47:29]} 25. Bb8 {[%clk 0:43:23]} Nd7
{[%clk 0:44:35]} 26. Bxa7 {[%clk 0:41:56]} Kf8 {[%clk 0:42:52]} 27. Nd4
{[%clk 0:40:15]} Ke8 {[%clk 0:43:08]} 28. Nc6 {[%clk 0:40:25]} Bd6
{[%clk 0:43:28]} 29. a4 {[%clk 0:39:08]} Bb7 {[%clk 0:43:35]} 30. Nc4
{[%clk 0:38:24]} Bc7 {[%clk 0:42:24]} 31. Nd4 {[%clk 0:36:57]} Ba6
{[%clk 0:41:13]} 32. Na3 {[%clk 0:35:25]} Kd8 {[%clk 0:40:54]} 33. Nab5
{[%clk 0:32:46]} e5 {[%clk 0:37:57]} 34. Nc6+ {[%clk 0:28:59]} Kc8
{[%clk 0:37:28]} 35. Ne7+ {[%clk 0:26:53]} Kb7 {[%clk 0:37:40]} 36. Nxc7
{[%clk 0:27:08]} Kxc7 {[%clk 0:37:57]} 37. a5 {[%clk 0:27:20]} bxa5
{[%clk 0:36:42]} 38. Nf5 {[%clk 0:27:06]} g6 {[%clk 0:35:18]} 39. Nxh6
{[%clk 0:27:20]} Bc4 {[%clk 0:35:43]} 40. Be3 {[%clk 0:27:27]} Kc6
{[%clk 0:35:53]} 41. f4 {[%clk 0:27:18]} Kd5 {[%clk 0:35:04]} 42. Nxf7
{[%clk 0:25:42]} exf4 {[%clk 0:33:37]} 43. Bxf4 {[%clk 0:25:55]} Nc5
{[%clk 0:33:37]} 44. Ne5 {[%clk 0:24:09]} Bd3 {[%clk 0:33:24]} 45. b4
{[%clk 0:23:39]} axb4 {[%clk 0:29:05]} 46. cxb4 {[%clk 0:23:53]} Ne6
{[%clk 0:29:09]} 47. Nxd3 {[%clk 0:24:09]} Ke4 {[%clk 0:29:26]} 48. Nc5+
{[%clk 0:23:53]} Nxc5 {[%clk 0:29:50]} 49. bxc5 {[%clk 0:24:09]} Kxf4
{[%clk 0:30:14]} 50. c6 {[%clk 0:24:27]} 1-0

[Event "MPA 1820 2024"]
[Site "Sianozety"]
[Date "2024.04.12"]
[Round "3.2"]
[White "Czepczynski, Boguslaw"]
[Black "Klonowski, Arkadiusz"]
[Result "1/2-1/2"]
[BlackElo "1734"]
[WhiteElo "1771"]
[LiveChessVersion "1.4.4"]

1. c4 {[%clk 1:30:54]} Nf6 {[%clk 1:30:51]} 2. Nc3 {[%clk 1:31:10]} e6
{[%clk 1:31:07]} 3. Nf3 {[%clk 1:31:23]} d5 {[%clk 1:31:28]} 4. cxd5
{[%clk 1:31:44]} exd5 {[%clk 1:31:51]} 5. d4 {[%clk 1:32:09]} c6 {[%clk 1:31:48]}
6. g3 {[%clk 1:32:30]} Bb4 {[%clk 1:31:17]} 7. Bg2 {[%clk 1:32:47]} Ne4
{[%clk 1:30:56]} 8. Bd2 {[%clk 1:32:58]} Nxd2 {[%clk 1:31:06]} 9. Qxd2
{[%clk 1:33:13]} Nd7 {[%clk 1:30:26]} 10. a3 {[%clk 1:33:25]} Bxc3
{[%clk 1:27:44]} 11. Qxc3 {[%clk 1:33:25]} O-O {[%clk 1:27:41]} 12. O-O
{[%clk 1:33:48]} Nf6 {[%clk 1:24:47]} 13. b4 {[%clk 1:33:57]} a6 {[%clk 1:22:08]}
14. a4 {[%clk 1:33:49]} Ne4 {[%clk 1:21:53]} 15. Qb2 {[%clk 1:33:32]} Nd6
{[%clk 1:21:30]} 16. Ne5 {[%clk 1:33:07]} f6 {[%clk 1:20:27]} 17. Nd3
{[%clk 1:33:15]} Bf5 {[%clk 1:19:21]} 18. Nc5 {[%clk 1:32:57]} Qb6
{[%clk 1:16:33]} 19. Qa3 {[%clk 1:30:17]} Rfe8 {[%clk 1:13:04]} 20. e3
{[%clk 1:29:33]} g5 {[%clk 1:03:26]} 21. Rfe1 {[%clk 1:28:57]} Kg7
{[%clk 1:02:40]} 22. Rac1 {[%clk 1:20:11]} Re7 {[%clk 0:58:45]} 23. Qc3
{[%clk 1:11:46]} Rd8 {[%clk 0:50:55]} 24. Re2 {[%clk 1:06:49]} Nc4
{[%clk 0:48:07]} 25. Rce1 {[%clk 1:03:51]} Nd6 {[%clk 0:45:59]} 26. Rb2
{[%clk 1:01:37]} h5 {[%clk 0:43:49]} 27. Bf1 {[%clk 1:01:17]} Ne4 28. Nxe4
{[%clk 1:00:37]} Bxe4 {[%clk 0:42:18]} 29. b5 {[%clk 1:00:02]} cxb5
{[%clk 0:42:09]} 30. axb5 {[%clk 1:00:25]} a5 {[%clk 0:41:53]} 31. Qa3
{[%clk 1:00:22]} Qc7 {[%clk 0:39:10]} 32. b6 {[%clk 0:57:17]} Qd6
{[%clk 0:38:59]} 33. Qxa5 {[%clk 0:56:50]} h4 {[%clk 0:39:22]} 34. Rc1
{[%clk 0:56:21]} hxg3 {[%clk 0:39:06]} 35. fxg3 {[%clk 0:56:19]} Rh8
{[%clk 0:37:19]} 36. Rc7 {[%clk 0:53:15]} Kg6 {[%clk 0:37:42]} 37. Qc5
{[%clk 0:51:25]} Qxc5 {[%clk 0:36:12]} 38. dxc5 {[%clk 0:51:32]} Rxc7
{[%clk 0:36:40]} 39. bxc7 {[%clk 0:51:47]} Rc8 {[%clk 0:36:55]} 40. Rxb7
{[%clk 0:52:04]} d4 {[%clk 0:37:06]} 41. Ra7 {[%clk 0:52:06]} d3 {[%clk 0:37:00]}
42. Ra4 {[%clk 0:46:44]} f5 {[%clk 0:32:32]} 43. Rd4 {[%clk 0:45:49]} Rxc7
{[%clk 0:32:10]} 44. Bxd3 {[%clk 0:46:07]} Bxd3 {[%clk 0:31:55]} 45. Rxd3
{[%clk 0:46:29]} Rxc5 {[%clk 0:32:20]} 46. Rd2 {[%clk 0:46:32]} Ra5
{[%clk 0:30:00]} 47. Kf2 {[%clk 0:46:47]} Ra6 {[%clk 0:29:38]} 48. h3
{[%clk 0:47:00]} Rf6 {[%clk 0:26:51]} 49. Rd5 {[%clk 0:46:53]} Ra6
{[%clk 0:25:13]} 50. Kf3 {[%clk 0:46:50]} Rf6 {[%clk 0:25:20]} 51. Re5
{[%clk 0:37:59]} Kh5 {[%clk 0:23:12]} 52. h4 {[%clk 0:35:56]} gxh4
{[%clk 0:21:11]} 53. gxh4 {[%clk 0:36:20]} Kxh4 {[%clk 0:21:32]} 54. Kf4
{[%clk 0:36:46]} Kh5 {[%clk 0:20:33]} 55. Rxf5+ {[%clk 0:37:06]} Kg6
{[%clk 0:20:59]} 56. Rxf6+ {[%clk 0:32:53]} Kxf6 {[%clk 0:21:19]} 57. e4
{[%clk 0:33:20]} Ke6 {[%clk 0:21:34]} 58. e5 {[%clk 0:33:43]} Ke7
{[%clk 0:21:55]} 59. Kf5 {[%clk 0:34:07]} Kf7 {[%clk 0:22:15]} 60. e6+
{[%clk 0:34:24]} Ke7 {[%clk 0:22:35]} 61. Ke5 {[%clk 0:34:46]} Ke8
{[%clk 0:22:59]} 62. Kf5 {[%clk 0:34:41]} Ke7 {[%clk 0:23:23]} 63. Ke5
{[%clk 0:35:00]} Ke8 {[%clk 0:23:46]} 64. Kd6 {[%clk 0:35:24]} Kd8
{[%clk 0:24:09]} 65. Kc5 {[%clk 0:35:25]} Ke7 {[%clk 0:24:19]} 66. Kd5
{[%clk 0:35:42]} Ke8 {[%clk 0:24:39]} 67. Kd6 {[%clk 0:36:07]} Kd8
{[%clk 0:25:01]} 68. e7+ {[%clk 0:36:29]} Ke8 {[%clk 0:25:26]} 69. Ke6
{[%clk 0:36:52]} 1/2-1/2

[Event "MPA 1820 2024"]
[Site "Sianozety"]
[Date "2024.04.12"]
[Round "3.3"]
[White "Adamowicz, Michal"]
[Black "Mencfel, Artur"]
[Result "1-0"]
[BlackElo "1757"]
[WhiteElo "1741"]
[LiveChessVersion "1.4.4"]

1. e4 {[%clk 1:30:59]} c5 {[%clk 1:30:55]} 2. Nc3 {[%clk 1:30:52]} Nc6
{[%clk 1:31:16]} 3. g3 {[%clk 1:31:15]} d6 {[%clk 1:30:46]} 4. Bg2
{[%clk 1:31:30]} h5 {[%clk 1:30:51]} 5. h3 {[%clk 1:31:35]} Be6 {[%clk 1:29:47]}
6. Nge2 {[%clk 1:29:39]} f6 {[%clk 1:28:05]} 7. d4 {[%clk 1:24:23]} cxd4
{[%clk 1:26:31]} 8. Nxd4 {[%clk 1:19:53]} Bc4 {[%clk 1:24:18]} 9. Nd5
{[%clk 1:20:12]} e5 {[%clk 1:20:48]} 10. Ne6 {[%clk 1:19:05]} Qc8
{[%clk 1:18:35]} 11. Nec7+ {[%clk 1:19:11]} Kf7 {[%clk 1:19:01]} 12. Nxa8
{[%clk 1:19:01]} Qxa8 {[%clk 1:19:27]} 13. b3 {[%clk 1:18:47]} Bxd5
{[%clk 1:15:47]} 14. Qxd5+ {[%clk 1:18:58]} Kg6 {[%clk 1:16:13]} 15. Be3
{[%clk 1:17:10]} Qd8 {[%clk 1:14:47]} 16. O-O {[%clk 1:15:58]} Nge7
{[%clk 1:15:00]} 17. Qd2 {[%clk 1:16:21]} h4 {[%clk 1:14:56]} 18. g4
{[%clk 1:16:21]} Nc8 {[%clk 1:14:56]} 19. Rfd1 {[%clk 1:15:10]} Be7
{[%clk 1:15:21]} 20. c4 {[%clk 1:14:24]} Qc7 {[%clk 1:14:59]} 21. Bf1
{[%clk 1:14:09]} Kh7 {[%clk 1:13:02]} 22. b4 {[%clk 1:13:17]} Rd8
{[%clk 1:13:25]} 23. a3 b6 24. f3 g5 25. Qf2 Nb8 26. a4 Nc6 27. Rdb1 d5 28. cxd5
Nxb4 29. Rc1 Qb7 30. a5 bxa5 31. Rxa5 Bd6 32. Rb5 Qe7 33. Bc5 Na6 34. Bxd6 Rxd6
35. Rxc8 1-0

[Event "MPA 1820 2024"]
[Site "Sianozety"]
[Date "2024.04.12"]
[Round "3.4"]
[White "Haluja, Wiktor"]
[Black "Pierzak, Rafael"]
[Result "1-0"]
[BlackElo "1819"]
[WhiteElo "1756"]
[LiveChessVersion "1.4.4"]

1. e4 {[%clk 1:30:50]} d5 {[%clk 1:30:53]} 2. exd5 {[%clk 1:31:15]} Qxd5
{[%clk 1:31:19]} 3. Nc3 {[%clk 1:31:39]} Qd6 {[%clk 1:31:41]} 4. d4
{[%clk 1:31:58]} Nf6 {[%clk 1:32:02]} 5. Nf3 {[%clk 1:29:43]} c6 {[%clk 1:32:27]}
6. Ne5 {[%clk 1:23:59]} Bf5 {[%clk 1:30:39]} 7. Bc4 {[%clk 1:20:58]} e6
{[%clk 1:31:01]} 8. Bf4 {[%clk 1:19:05]} Qd8 {[%clk 1:29:48]} 9. g4
{[%clk 1:13:26]} Bg6 {[%clk 1:28:58]} 10. h4 {[%clk 1:12:32]} Be4
{[%clk 1:21:55]} 11. Nxe4 {[%clk 1:04:29]} Nxe4 {[%clk 1:22:23]} 12. Qf3
{[%clk 0:55:58]} Nd6 {[%clk 1:20:15]} 13. Bb3 {[%clk 0:55:09]} Nd7
{[%clk 1:16:59]} 14. O-O-O {[%clk 0:52:15]} Be7 {[%clk 1:05:33]} 15. g5
{[%clk 0:44:05]} Rf8 {[%clk 0:51:21]} 16. Rhe1 {[%clk 0:41:01]} Qa5
{[%clk 0:48:25]} 17. Nxd7 {[%clk 0:19:27]} Kxd7 {[%clk 0:48:52]} 18. d5
{[%clk 0:16:17]} cxd5 {[%clk 0:44:16]} 19. Bxd5 {[%clk 0:16:10]} exd5
{[%clk 0:40:35]} 20. Rxe7+ {[%clk 0:10:35]} Kxe7 {[%clk 0:40:28]} 21. Rxd5
{[%clk 0:10:27]} Qe1+ {[%clk 0:32:19]} 22. Rd1 {[%clk 0:10:56]} Qxd1+
{[%clk 0:32:16]} 23. Qxd1 {[%clk 0:10:36]} Rfd8 {[%clk 0:30:08]} 24. Qe1+
{[%clk 0:10:21]} Kd7 {[%clk 0:29:53]} 25. Qb4 {[%clk 0:08:23]} Ke6
{[%clk 0:27:31]} 26. Qb3+ {[%clk 0:07:47]} Kd7 {[%clk 0:25:04]} 27. Qd5
{[%clk 0:07:50]} Kc7 {[%clk 0:24:23]} 28. Qc5+ {[%clk 0:08:08]} 1-0

[Event "MPA 1820 2024"]
[Site "Sianozety"]
[Date "2024.04.12"]
[Round "3.5"]
[White "Iwan, Patryk"]
[Black "Nowak, Dominik"]
[Result "1-0"]
[BlackElo "1590"]
[WhiteElo "1815"]
[LiveChessVersion "1.4.4"]

1. e4 {[%clk 1:30:59]} e6 {[%clk 1:30:56]} 2. d4 {[%clk 1:31:25]} d5
{[%clk 1:31:22]} 3. Nc3 {[%clk 1:31:52]} Nf6 {[%clk 1:31:37]} 4. e5
{[%clk 1:32:17]} Nfd7 {[%clk 1:32:00]} 5. f4 {[%clk 1:32:41]} c5 {[%clk 1:32:17]}
6. Nf3 {[%clk 1:33:06]} Nc6 {[%clk 1:32:41]} 7. Be3 {[%clk 1:33:21]} Be7
{[%clk 1:32:34]} 8. Qd2 {[%clk 1:33:04]} O-O {[%clk 1:31:09]} 9. Be2
{[%clk 1:31:49]} cxd4 {[%clk 1:29:53]} 10. Nxd4 {[%clk 1:31:28]} a6
{[%clk 1:28:49]} 11. O-O {[%clk 1:30:13]} Nxd4 {[%clk 1:26:21]} 12. Bxd4
{[%clk 1:30:37]} Bc5 {[%clk 1:21:22]} 13. Bxc5 {[%clk 1:28:30]} Nxc5
{[%clk 1:21:44]} 14. Qd4 {[%clk 1:27:52]} Qb6 {[%clk 1:18:23]} 15. Rad1
{[%clk 1:22:37]} Nd7 {[%clk 1:09:28]} 16. Qxb6 {[%clk 1:20:45]} Nxb6
{[%clk 1:09:56]} 17. Rd4 {[%clk 1:18:41]} f6 {[%clk 1:06:36]} 18. exf6
{[%clk 1:14:10]} Rxf6 {[%clk 1:05:50]} 19. Bd3 {[%clk 1:12:23]} Nd7 20. f5
{[%clk 1:08:43]} Ne5 {[%clk 0:47:41]} 21. fxe6 {[%clk 1:06:33]} Rxf1+
{[%clk 0:47:50]} 22. Bxf1 {[%clk 1:06:24]} Bxe6 {[%clk 0:48:04]} 23. Nxd5
{[%clk 1:03:23]} Kf7 {[%clk 0:44:59]} 24. Rf4+ {[%clk 1:02:57]} Kg6
{[%clk 0:43:45]} 25. Nc7 {[%clk 1:02:36]} Rc8 {[%clk 0:42:07]} 26. Nxe6
{[%clk 1:01:54]} 1-0

[Event "MPA 1820 2024"]
[Site "Sianozety"]
[Date "2024.04.12"]
[Round "3.6"]
[White "Stepien, Janusz"]
[Black "Pietras, Maksymilian"]
[Result "0-1"]
[BlackElo "1733"]
[WhiteElo "1732"]
[LiveChessVersion "1.4.4"]

1. d4 {[%clk 1:30:47]} Nf6 {[%clk 1:30:50]} 2. c4 {[%clk 1:31:01]} g6
{[%clk 1:30:50]} 3. Nc3 {[%clk 1:31:15]} Bg7 {[%clk 1:31:02]} 4. e4
{[%clk 1:31:28]} d6 {[%clk 1:31:25]} 5. Be2 {[%clk 1:30:53]} O-O {[%clk 1:31:32]}
6. h4 {[%clk 1:30:48]} c5 {[%clk 1:25:50]} 7. d5 {[%clk 1:30:17]} e6
{[%clk 1:23:06]} 8. h5 {[%clk 1:29:26]} exd5 {[%clk 1:21:54]} 9. hxg6
{[%clk 1:22:16]} fxg6 {[%clk 1:09:48]} 10. cxd5 {[%clk 1:20:20]} Qa5
{[%clk 1:05:28]} 11. Bd2 {[%clk 1:17:19]} Qb6 {[%clk 1:03:45]} 12. f4
{[%clk 1:04:34]} Re8 {[%clk 1:00:48]} 13. Qc2 {[%clk 0:52:47]} Nxe4
{[%clk 0:42:58]} 14. Nxe4 {[%clk 0:45:58]} Bf5 {[%clk 0:43:14]} 15. Bd3
{[%clk 0:34:01]} Qxb2 {[%clk 0:41:43]} 16. Qxb2 {[%clk 0:31:25]} Bxb2
{[%clk 0:42:04]} 17. Rb1 {[%clk 0:31:43]} Bxe4 {[%clk 0:38:39]} 18. Bxe4
{[%clk 0:31:51]} Rxe4+ {[%clk 0:38:59]} 19. Kd1 {[%clk 0:31:26]} Bf6
{[%clk 0:38:20]} 20. Rxb7 {[%clk 0:31:38]} Re7 {[%clk 0:38:26]} 21. Rb3
{[%clk 0:30:30]} Nd7 {[%clk 0:37:51]} 22. f5 {[%clk 0:25:40]} Rb8
{[%clk 0:31:00]} 23. fxg6 {[%clk 0:23:08]} Rxb3 {[%clk 0:28:28]} 24. axb3
{[%clk 0:19:16]} hxg6 {[%clk 0:28:32]} 25. Nh3 {[%clk 0:19:37]} Nb6
{[%clk 0:26:04]} 26. Nf4 {[%clk 0:17:49]} g5 {[%clk 0:24:21]} 27. Nh5
{[%clk 0:16:10]} Nxd5 {[%clk 0:21:23]} 28. Nxf6+ {[%clk 0:15:52]} Nxf6
{[%clk 0:21:48]} 29. Bxg5 {[%clk 0:16:08]} Rf7 {[%clk 0:21:36]} 30. Re1
{[%clk 0:14:43]} Nd5 {[%clk 0:17:21]} 31. Re8+ {[%clk 0:09:11]} Kg7
{[%clk 0:17:05]} 32. Rd8 {[%clk 0:08:40]} Nc3+ {[%clk 0:14:08]} 33. Ke1
{[%clk 0:07:54]} Ne4 {[%clk 0:13:29]} 34. Bc1 {[%clk 0:08:02]} Kf6
{[%clk 0:12:43]} 35. Bb2+ {[%clk 0:06:54]} Ke6 {[%clk 0:12:39]} 36. Rh8
{[%clk 0:05:53]} Rf2 {[%clk 0:10:25]} 37. Rh6+ {[%clk 0:04:17]} Kd5
{[%clk 0:10:40]} 38. Bh8 {[%clk 0:03:35]} Rxg2 {[%clk 0:10:51]} 39. Rh7
{[%clk 0:03:46]} Rg1+ {[%clk 0:10:23]} 40. Ke2 {[%clk 0:04:05]} Rg8
{[%clk 0:06:22]} 41. Rh5+ {[%clk 0:04:05]} Kc6 {[%clk 0:06:33]} 42. Kd3
{[%clk 0:04:17]} d5 {[%clk 0:05:54]} 43. Be5 {[%clk 0:04:12]} Rf8
{[%clk 0:05:03]} 44. Rh7 {[%clk 0:04:16]} a5 {[%clk 0:04:24]} 45. Ra7
{[%clk 0:04:18]} Rf3+ {[%clk 0:04:35]} 46. Kc2 {[%clk 0:04:28]} Rf2+
{[%clk 0:04:45]} 47. Kc1 {[%clk 0:04:29]} Kb6 {[%clk 0:04:24]} 48. Rd7
{[%clk 0:04:43]} d4 {[%clk 0:04:28]} 49. Re7 {[%clk 0:04:20]} Nc3
{[%clk 0:04:11]} 50. Bc7+ {[%clk 0:04:22]} Kb5 {[%clk 0:04:05]} 51. Re6
{[%clk 0:04:39]} Na2+ {[%clk 0:03:34]} 52. Kb1 {[%clk 0:04:23]} Kb4
{[%clk 0:03:43]} 53. Ra6 {[%clk 0:03:02]} Kxb3 {[%clk 0:03:35]} 0-1

[Event "MPA 1820 2024"]
[Site "Sianozety"]
[Date "2024.04.12"]
[Round "3.8"]
[White "Kuriata, Karol"]
[Black "Goluch, Bartosz"]
[Result "1-0"]
[BlackElo "1728"]
[WhiteElo "1648"]
[LiveChessVersion "1.4.4"]

1. e4 {[%clk 1:30:57]} c5 {[%clk 1:30:53]} 2. Nc3 {[%clk 1:31:21]} e6
{[%clk 1:31:12]} 3. Nge2 {[%clk 1:31:43]} Nc6 {[%clk 1:31:32]} 4. g3
{[%clk 1:32:03]} d5 {[%clk 1:31:42]} 5. exd5 {[%clk 1:32:27]} exd5
{[%clk 1:32:07]} 6. d4 {[%clk 1:32:45]} Nf6 {[%clk 1:31:21]} 7. Bg2
{[%clk 1:32:54]} cxd4 {[%clk 1:30:49]} 8. Nxd4 {[%clk 1:33:09]} Bc5
{[%clk 1:30:13]} 9. Be3 {[%clk 1:26:17]} Nxd4 {[%clk 1:30:28]} 10. Bxd4
{[%clk 1:26:35]} Bxd4 {[%clk 1:30:57]} 11. Qxd4 {[%clk 1:26:52]} O-O
{[%clk 1:29:24]} 12. O-O {[%clk 1:20:43]} Be6 {[%clk 1:29:06]} 13. Rfd1
{[%clk 1:13:14]} Qc7 {[%clk 1:29:02]} 14. Nxd5 {[%clk 1:02:25]} Nxd5
{[%clk 1:29:19]} 15. Bxd5 {[%clk 1:02:48]} Rfd8 {[%clk 1:29:37]} 16. Qe4
{[%clk 0:51:43]} Bxd5 {[%clk 1:28:05]} 17. Rxd5 {[%clk 0:52:05]} Re8
{[%clk 1:28:28]} 18. Qd3 {[%clk 0:49:49]} Rac8 {[%clk 1:28:40]} 19. c3
{[%clk 0:49:06]} Qb6 {[%clk 1:28:55]} 20. Qc2 {[%clk 0:42:28]} Rc6
{[%clk 1:28:56]} 21. Rad1 {[%clk 0:40:39]} Rce6 {[%clk 1:26:33]} 22. Qb3
{[%clk 0:32:48]} Qc6 {[%clk 1:26:24]} 23. h4 {[%clk 0:29:58]} g6 {[%clk 1:25:55]}
24. Qb5 {[%clk 0:28:03]} Qc8 {[%clk 1:24:30]} 25. Qc5 {[%clk 0:25:19]} Qxc5
{[%clk 1:18:57]} 26. Rxc5 {[%clk 0:25:45]} Re2 {[%clk 1:19:19]} 27. Rd7
{[%clk 0:21:46]} Rxb2 {[%clk 1:14:46]} 28. Rcc7 {[%clk 0:21:54]} Rf8
{[%clk 1:14:47]} 29. Rxb7 {[%clk 0:22:07]} Rxa2 {[%clk 1:15:13]} 30. Rxa7
{[%clk 0:22:31]} Rxa7 {[%clk 1:15:32]} 31. Rxa7 {[%clk 0:22:59]} Rc8
{[%clk 1:15:56]} 32. Ra3 {[%clk 0:23:17]} Kg7 {[%clk 1:16:19]} 33. Kf1
{[%clk 0:23:06]} Kf6 {[%clk 1:16:41]} 34. Ke2 {[%clk 0:23:16]} Ke5
{[%clk 1:14:54]} 35. Ke3 {[%clk 0:22:33]} Rc5 {[%clk 1:15:10]} 36. Rb3
{[%clk 0:21:25]} h6 {[%clk 1:15:11]} 37. Ra3 {[%clk 0:21:49]} g5 {[%clk 1:15:22]}
38. hxg5 {[%clk 0:21:54]} hxg5 {[%clk 1:15:48]} 39. Rb3 {[%clk 0:22:11]} f5
{[%clk 1:15:55]} 40. f4+ {[%clk 0:20:36]} gxf4+ {[%clk 1:16:18]} 41. gxf4+
{[%clk 0:21:05]} Kd5 {[%clk 1:16:41]} 42. Kd3 {[%clk 0:21:10]} Ra5
{[%clk 1:15:42]} 43. c4+ {[%clk 0:20:49]} Kc5 {[%clk 1:16:09]} 44. Rb5+
{[%clk 0:21:03]} Rxb5 {[%clk 1:16:15]} 45. cxb5 {[%clk 0:21:27]} Kxb5
{[%clk 1:16:43]} 46. Kd4 {[%clk 0:21:51]} Kc6 {[%clk 1:17:10]} 47. Ke5
{[%clk 0:22:12]} Kd7 {[%clk 1:17:38]} 48. Kxf5 {[%clk 0:22:12]} Ke8
{[%clk 1:16:38]} 49. Kg6 {[%clk 0:22:29]} Ke7 50. f5 {[%clk 0:22:13]} Kf8
{[%clk 1:16:59]} 51. Kf6 {[%clk 0:22:37]} 1-0